Cartas sobre política europea
Saved in:
| Hovedforfatter: | |
|---|---|
| Format: | Bog |
| Sprog: | spansk |
| Udgivet: |
Madrid
A. de San Martín
1876
|
| Fag: | |
| Tags: |
Tilføj Tag
Ingen Tags, Vær først til at tagge denne postø!
|
MARC
| LEADER | 00000nam a2200000 a 4500 | ||
|---|---|---|---|
| 001 | UCT6837 | ||
| 003 | CL-VaPUC | ||
| 008 | 970113e18760000SP |||||||||||||||||spa|d | ||
| 082 | 0 | 4 | |a 320.94 |b CAS |2 21 |
| 100 | 0 | |a Castelar, Emilio |e author |9 315935 | |
| 245 | 1 | 0 | |a Cartas sobre política europea |
| 300 | |a 371 p | ||
| 942 | |c BK | ||
| 945 | |d 19970113 00:00:00 |a paguirre | ||
| 260 | |a Madrid |b A. de San Martín |c 1876 | ||
| 650 | 0 | |a Política |9 255312 | |
| 650 | 0 | |a Ciencias Políticas |9 255201 | |
| 650 | 0 | |a Historia |9 255047 | |
| 650 | 0 | |a Democracia |9 255256 | |
| 650 | 7 | |a SISTEMAS POLITICOS |2 CL-VaPUC |9 377103 | |
| 651 | 0 | |a Europa |9 255156 | |
| 651 | 0 | |a Francia |9 255157 | |
| 651 | 0 | |a Inglaterra |9 255158 | |
| 651 | 7 | |a AUSTRIA |2 CL-VaPUC |9 266851 | |
| 651 | 0 | |a Italia |9 254949 | |
| 583 | |a last modification |c 19970113 00:00:00 |k Rodrigo Vera | ||
| 999 | |c 255507 |d 255505 | ||
| 952 | |0 0 |1 0 |4 0 |6 320_940000000000000_CAS_1876 |7 0 |8 X |9 277762 |a BIBDER |b BIBDER |d 2019-11-19 |i 1803204 |o 320.94 CAS 1876 |p 1803204 |r 2023-01-25 |w 2019-11-19 |y BK_X |k DER | ||